000 01597nam2a2200205 4500
001 RU\NLR\PER_A\010257499_000690
005 20250623221912.0
035 _a(NLR Aleph) 012177026
090 _a12266777
_c12266777
100 _a20200110d2019 |||y0rusy50 ca
101 0 _arus
102 _aRU
200 0 _aТ. 11, № 2
210 _d2019
_aБ. м.
461 0 _1001RU\NLR\Per\1015334
_12001#$aВестник Государственного университета морского и речного флота имени адмирала С.О. Макарова$fФедерал. гос. бюдж. образоват. учреждение высш. проф. образования "Гос. ун-т мор. и реч. флота им. адм. С.О. Макарова"$vТ. 11, № 2
_910445408
_aГосударственный университет морского и речного флота им. С. О. Макарова (Санкт-Петербург)
_cСанкт-Петербург
_d2013 -
_fФедерал. гос. бюдж. образоват. учреждение высш. проф. образования "Гос. ун-т мор. и реч. флота им. адм. С.О. Макарова"
_nГосударственный университет морского и речного флота
_tВестник Государственного университета морского и речного флота имени адмирала С.О. Макарова
_x2309-5180
_vТ. 11, № 2
852 _aNLR
_jП29/1849
942 _cISSUE
980 _aNB
980 _aRUSPER